00395nam a2200145Ia 4500008004100000020001500041041000800056082001600064100003800080245003200118250000600150260006100156300001400217650001800231210716s2003 xx 000 0 und d a0070528462 aeng a153.94 MUNM aMuneer, Muhamed;Venkataramani, G. aHow to prepare for the cat. a2 aNew DelhibTata McGraw Hill Publishing Company Ltdc2003 aix,507,30 aAptitude Test